000 00423nam a2200145Ia 4500
008 211109s9999||||xx |||||||||||||| ||und||
082 _a494.812
_bRAJ-B
100 _aRajaraja Varma, A R
245 0 _aBashabhooshanam
260 _bNATIONAL BOOKSTALL
_aKottayam
_c1900
300 _a120p.
630 _xGeneral Stack
650 _alanguages
_vOther languagesAltaic, Uralic, Hyperborean & Dravidian
_xGeneralia
942 _cBOOK
999 _c5271
_d5271